| 000 | 01223cam a22002294a 4500 | ||
|---|---|---|---|
| 005 | 20250605164033.0 | ||
| 008 | 250528s ||||||||||||||||||||||||d | ||
| 035 | _a16728 | ||
| 020 | _a673079716 | ||
| 040 |
_aGR-AtMCL _bgre _dGR-AtMCL _eAACR2 |
||
| 245 | 1 | _aSeven Contemporary Short Novels / Second Edition | |
| 250 | _a2nd | ||
| 260 |
_bScott, Foresman And Company, _c1975 |
||
| 300 | _a722 | ||
| 505 | 0 | _aKurt Vonnegut JR: Slaughterhouse-Five, Carson MC Cullers: The Ballad of the Sad Cafe, Philip Roth: Goodbye Columbus, Katherine Anne Porter: Noon Wine, Saul Bellow: Seze the Day, John Steinbeck: Of Mice and Men, Flannery O'Connor: The Violent Bear It Away, Topics for Papers and Discussion, Comparative Studies, Biographical Notes. | |
| 520 | _aKurt Vonnegut JR: Slaughterhouse-Five, Carson MC Cullers: The Ballad of the Sad Cafe, Philip Roth: Goodbye Columbus, Katherine Anne Porter: Noon Wine, Saul Bellow: Seze the Day, John Steinbeck: Of Mice and Men, Flannery O'Connor: The Violent Bear It Away, Topics for Papers and Discussion, Comparative Studies, Biographical Notes. | ||
| 700 | 1 |
_aClerk Charles _92819 |
|
| 700 | 1 |
_aLeiter Louis _92820 |
|
| 942 | _cBK | ||
| 999 |
_c2199 _d2199 |
||